00803 2200289 4500001002100000005001700021008004100038020001800079035002400097082001200121090001900133100002400152245009300176260004100269300002500310500002900335650002300364700002100387850001500408980001100423985000600434986001300440999001500453999001500468999001500483999001500498YOGYA-0209000001273920090227022244.0 ind  a979-20-1904-9 0010-020900000012739 a155.422 a155.422bHad M aHADIS, Fawzia Aswin aMencerdaskan balita melalui gerak dan dialogcFawzia Aswin Hadis ; editor, Agnes Marlina aJakartabElex Media Komputindoc2000 a125 hlmbilusc21 cm aBibliografi : hlm. [125] aAnak, Perkembangan aMarlina S, Agnes aYOPDYOG(B) a090605 a4 afwhrtrev a01P0000832 a01P0000834 a03P0002315 a03P0002316